Welser Stadtteile - Statistiken

Allgemein
  • Dieses Quiz wurde 22 mal gespielt
  • Das Durchschnittsergebnis liegt bei 4 aus 7
Antwortstatistiken
Hint Antwort % Korrekt
a Innenstadt
80%
a Neustadt
73%
a Pernau
67%
a Lichtenegg
60%
a Vogelweide
60%
a Laahen
47%
a Puchberg
40%
Keine übereinstimmenden Quizze gefunden
Verteilung der Resultate
Anzahl Personen mit jedem Resultat
Perzentil nach korrekt beantworteten Fragen
Ihre Resultats-Entwicklung
Sie haben dieses Quiz noch nicht gespielt